| 000 | 01222nac a22003131u 4500 | ||
|---|---|---|---|
| 999 |
_c1806 _d1806 |
||
| 003 | EG-ScBUE | ||
| 005 | 20200203100335.0 | ||
| 008 | 200202t1953 nyu f b 6 000 0 eng d | ||
| 040 |
_aEG-ScBUE _beng _erda _cEG-ScBUE _dEG-ScBUE |
||
| 082 | 0 | 4 |
_a808.8 _bPOR _222 |
| 100 | _a | ||
| 245 | 0 | 4 |
_aThe portable renaissance reader / _cedited and with an introduction by James Bruce Ross, Mary Martin McLaughlin. |
| 264 | 1 |
_aNew York : _bThe Viking Press, _c[1953] |
|
| 264 | 4 | _cc1953 | |
| 300 |
_axii, 756 pages ; _c17 cm |
||
| 336 |
_2rdacontent _atext _btxt |
||
| 337 |
_2rdamedia _aunmediated _bn |
||
| 338 |
_2rdacarrier _avolume _bnc |
||
| 504 | _aIncludes bibliographical references. | ||
| 520 | _aThe golden age of Italy and Northern Europe, 1400-1600, shown forth in all its rich diversity in the writings of its acknowledged masters. | ||
| 650 | 7 |
_aEuropean literature _yRenaissance, 1450-1600 _vTranslations into English. _2BUEsh |
|
| 651 | _2BUEsh | ||
| 653 |
_bHHUUEENN _cJanuary2020 |
||
| 655 | _vReading book | ||
| 700 | 1 |
_aRoss, James Bruce, _d1902- _eeditor. |
|
| 700 | 1 |
_aMcLaughlin, Mary Martin, _d1919-2006, _eeditor. |
|
| 942 |
_cBB _k808.8 POR _2ddc |
||